Gestión estratégica y sistemas de mando y control
Uloženo v:
| Korporace: | , |
|---|---|
| Médium: | Kniha |
| Jazyk: | španělština |
| Vydáno: |
Santiago
CESIM
2003
|
| Témata: | |
| Tagy: |
Přidat tag
Žádné tagy, Buďte první, kdo vytvoří štítek k tomuto záznamu!
|
MARC
| LEADER | 00000nam a2200000 a 4500 | ||
|---|---|---|---|
| 001 | UCL3574 | ||
| 003 | CL-VaPUC | ||
| 008 | 031128e20030000CL |||||||||||||||||spa|d | ||
| 020 | |a 9567527245 | ||
| 082 | 0 | 4 | |a 355.6 |b CEN |2 21 |
| 110 | 2 | |a Centro de Estudios e Investigaciones Militares |e author |9 480915 | |
| 710 | 2 | |a CESIM |e author |9 480916 | |
| 245 | 1 | 0 | |a Gestión estratégica y sistemas de mando y control |
| 300 | |a 307 p | ||
| 942 | |c BK | ||
| 945 | |d 20031128 00:00:00 |a cmena | ||
| 260 | |a Santiago |b CESIM |c 2003 | ||
| 600 | 0 | 7 | |a EJERCITO DE CHILE |2 CL-VaPUC |9 404556 |
| 650 | 0 | |a Gestión administrativa |9 375217 | |
| 650 | 0 | |a Planificación estratégica |9 259735 | |
| 583 | |a last modification |c 20031128 00:00:00 |k Rodrigo Vera | ||
| 999 | |c 306594 |d 306592 | ||
| 952 | |0 0 |1 0 |4 0 |6 355_600000000000000_CEN_2003 |7 0 |8 A |9 371737 |a BIBGIM |b BIBGIM |d 2019-11-21 |i 3967344 |o 355.6 CEN 2003 |p 3967344 |r 2025-01-15 |w 2019-11-21 |y BK |k GIM | ||